| 000 | 03356nam0a2200457 4500 | ||
|---|---|---|---|
| 001 | RU\NLR\BIBL_A\012615488 | ||
| 005 | 20240408150825.0 | ||
| 010 |
_a978-5-7310-5219-1 _9500 |
||
| 021 |
_aRU _bКН-П-21-029838 _9КН-П-21-2310 |
||
| 035 | _a(NLR Aleph) 012615488 | ||
| 090 |
_a12622862 _c12622862 |
||
| 100 | _a20211011d2020 u y0rusy50 ca | ||
| 101 | 0 |
_arus _aeng _achi |
|
| 102 | _aRU | ||
| 105 | _aa|||ej||000zy | ||
| 181 | 0 |
_ai3 _bab2e |
|
| 182 | 0 | _an | |
| 200 | 1 |
_aМеждународные стандарты финансовой отчетности _dInternational financial reporting standarts _eглоссарий _eучебное пособие для студентов, обучающихся по программам бакалавров и магистров в российских экономических вузах, а также для аспирантов, преподавателей, бухгалтеров, аудиторов _fМинистерство науки и высшего образования Российской Федерации, Федеральное государственное бюджетное образовательное учреждение высшего образования "Санкт-Петербургский государственный экономический университет _gпод научной редакцией канд. экон. наук, доцента Е.Б. Абдаловой, Сунь Линь _zeng |
|
| 203 |
_aТекст _bвизуальный _cнепосредственный |
||
| 210 |
_aСанкт-Петербург _cИзд-во Санкт-Петербургского государственного экономического университета _d2020 |
||
| 215 |
_a56, [1] с. _cил. _d20 |
||
| 300 | _aЗагл. также кит.: 国际财务报告准则:词汇表与练习 | ||
| 300 | _aНа обл.: Международные стандарты финансовой отчетности (МСФО): глоссарий | ||
| 300 | _aТекст рус., англ., кит. | ||
| 510 | 1 |
_aInternational financial reporting standarts _eglossary _zeng |
|
| 510 | 1 |
_a国际财务报告准则 _e词汇表与练习 _zchi |
|
| 512 | 1 |
_aМеждународные стандарты финансовой отчетности (МСФО) _eглоссарий |
|
| 606 | 1 |
_aБухгалтерский учет _xОтчетность _xСтандартизация международная _jУчебные издания для высших учебных заведений _2nlr_sh2 _3RU\NLR\auth\661413701 |
|
| 610 | 1 | _aмеждународные стандарты финансовой отчетности | |
| 610 | 1 | _aфинансовая отчетность | |
| 686 | 1 | _aУ052.02-15я73 | |
| 702 | 0 |
_aСунь Линь _4340 |
|
| 702 | 1 |
_aАбдалова _bЕ. Б. _f1965- _gЕлена Борисовна _3RU\NLR\AUTH\77126399 _4340 |
|
| 712 | 0 | 2 |
_aСанкт-Петербургский государственный экономический университет _3RU\NLR\AUTH\8810239206 _4475 |
| 852 |
_aNLR _bОЛСАА-кит. _j2-13668 |
||
| 942 | _cBOOK | ||
| 980 | 1 | _aCHIN | |
| 980 | _aNB | ||